Desarrollar posibilidades : (Record no. 105436)

MARC details
000 -CABECERA
campo de control de longitud fija 00867nam a2200229 a 4500
005 - FECHA Y HORA DE LA ÚLTIMA TRANSACCIÓN
campo de control 20241012063729.0
008 - ELEMENTOS DE LONGITUD FIJA--INFORMACIÓN GENERAL
campo de control de longitud fija 040504s2001 mx r 000 0 spa d
020 ## - NÚMERO INTERNACIONAL NORMALIZADO PARA LIBROS
Número Internacional Estándar del Libro 8449310784
035 ## - NÚMERO DE CONTROL DEL SISTEMA
Número de control de sistema UPN01000133284
049 ## - COLECCIÓN
Colección CG
050 #4 - SIGNATURA TOPOGRÁFICA DE LA BIBLIOTECA DEL CONGRESO
Número de clasificación RC480
Número de documento/Ítem O3.3
100 1# - ASIENTO PRINCIPAL--NOMBRE PERSONAL
Nombre de persona O'Hanlon, William Hudson
245 10 - MENCIÓN DE TÍTULO
Título Desarrollar posibilidades :
Resto del título un itinerario por la obra de uno de los fundadores de la terapia breve /
Mención de responsabilidad, etc. Bill O'Hanlon ; textos comp. por Steffanie O'Hanlon y Bob Bertolino ; tr. Genís Sánchez Barberán.
260 ## - PUBLICACIÓN, DISTRIBUCIÓN, ETC.
Lugar de publicación, distribución, etc. Barcelona, Esp. :
Nombre del editor, distribuidor, etc. Paidós,
Fecha de publicación, distribución, etc. c2001.
300 ## - DESCRIPCIÓN FÍSICA
Extensión 303 p.
440 #0 - MENCIÓN DE SERIE/ASIENTO SECUNDARIO--TÍTULO
Título Paidós terapia familiar ;
Designación de volumen o secuencia 83
534 ## - NOTA SOBRE LA VERSIÓN ORIGINAL
Frase introductoria Traducción de:
Mención de título del original Evolving possibilities. Selected papers of Bill O'Hanlon.
650 #4 - ASIENTO SECUNDARIO DE MATERIA - TERMINO TEMATICO
Término de materia o nombre geográfico como elemento de entrada Psicoterapia
9 (RLIN) 8720
700 1# - ASIENTO SECUNDARIO--NOMBRE DE PERSONAL
Nombre de persona O'Hanlon, Steffanie,
Término indicativo de función/relación comp.
700 1# - ASIENTO SECUNDARIO--NOMBRE DE PERSONAL
Nombre de persona Bertolino, Bob,
Fechas asociadas al nombre 1965- ,
Término indicativo de función/relación comp.
905 ## - TIPO DE MATERIAL
Tipo de material Libro
Holdings
Estado de retiro Estado de pérdida Fuente del sistema de clasificación o colocación Estado dañado No para préstamo Código de colección Localización permanente Ubicación/localización actual Ubicación en estantería Total de préstamos Clasificación Código de barras Fecha visto por última vez Número de copia Tipo de ítem Koha
    Library of Congress Classification     Colección General Bib. Gregorio Torres Quintero Bib. Gregorio Torres Quintero Planta baja 3 RC480 O3.3 210097 31/12/2020 1 Libro